| 000 | 00573cam a22002291 4500 | ||
|---|---|---|---|
| 001 | sa 63003844 | ||
| 003 | DLC | ||
| 005 | 20260227111944.0 | ||
| 008 | 940808s1962 ii 000 0 pano | ||
| 010 | _asa 63003844 | ||
| 025 | _aPL480:I-Pu-125 | ||
| 035 | _a(OCoLC)30906295 | ||
| 040 |
_aDLC _cCU _dCU _dDLC |
||
| 042 | _apremarc | ||
| 050 | 0 | 0 |
_aSF201 _b.B34 |
| 100 | 1 | _aBarāṛa, Prītama Siṅgha. | |
| 245 | 1 | 0 | _aPashū unnatī te bīmārīāṃ dī roka thāma. |
| 260 | _c[1962?] | ||
| 300 |
_a90 p. _c19 cm. |
||
| 500 | _aIn Panjabi. | ||
| 650 | 0 | _aCattle. | |
| 999 |
_c55323 _d55323 |
||